| 000 | 00763nas a2200265 4500 | ||
|---|---|---|---|
| 001 | BR8803749 | ||
| 003 | BR-BrBNA | ||
| 005 | 20231205091203.0 | ||
| 007 | ta | ||
| 008 | 230509b bl.|||p| |||| 00| 00por d | ||
| 040 |
_aBR-BrBNA _bpor _cBiblioteca Nacional de Agricultura |
||
| 041 | _a(Pt) | ||
| 072 | _aF02 | ||
| 100 | 1 | _aGraca, J. | |
| 100 | 1 | _aBarros, J.C. da S.M. de | |
| 245 | 1 | _aA importancia da diversificacao do porta-enxerto para a citricultura | |
| 650 | _aLIMAO CRAVO | ||
| 650 | _aLIMAO RUGOSO | ||
| 650 | _aLARANJA AZEDA | ||
| 650 | _aTANGERINA | ||
| 650 | _aPORTA ENXERTO | ||
| 773 | 0 |
_tLavoura (Brazil) _xISSN 0023-9135 _g(Jan-Mar 1987), v. 90 p. 38-39 _wBR8803749 |
|
| 909 |
_a202311 _bLúcia _c55 _dLúcia Elande |
||
| 942 |
_2AGRIS _n0 _cANA |
||
| 999 |
_c123423 _d123423 |
||